000 00764nam a2200217 i 4500
001 133433
003 ES-MaACL
005 20250901015451.0
007 t|
008 070214s1906 sp |||| | spa d
100 1 _aRuiz, Diego.
_9100600
245 1 0 _aTeoría del acto entusiasta
_b: (bases de la ética) /
_cDiego Ruiz ; [prólogo del prof. Dorado Montero].
260 _aBarcelona :
_b[s. n.],
_c1906 (
_fTip. La Académica)
300 _aXIX, 139 p. ;
_c20 x 14 cm.
490 1 _aElevación al conocimiento
650 7 _aEmociones y sentimientos (Filosofía)
_2embne
_912198
700 1 _aDorado Montero, Pedro,
_d1861-1919
_945376
830 1 _aElevación al conocimiento
_9219735
852 _aES-MaACL
_jC-3854
999 _c133433
_d133433